Handbook of air pollution prevention and control / (Record no. 29200)

MARC details
000 -LEADER
fixed length control field 01262 am a2200373Ia 4500
001 - CONTROL NUMBER
control field ocm49245816
003 - CONTROL NUMBER IDENTIFIER
control field EG-ScBUE
005 - DATE AND TIME OF LATEST TRANSACTION
control field 20210621122409.0
008 - FIXED-LENGTH DATA ELEMENTS--GENERAL INFORMATION
fixed length control field 020305s2004 maua f d 001 0 eng d
020 ## - INTERNATIONAL STANDARD BOOK NUMBER
International Standard Book Number 9798181473348
020 ## - INTERNATIONAL STANDARD BOOK NUMBER
International Standard Book Number 8181473345
020 ## - INTERNATIONAL STANDARD BOOK NUMBER
International Standard Book Number 0750674997
035 ## - SYSTEM CONTROL NUMBER
System control number (OCoLC)ocm49245816
040 ## - CATALOGING SOURCE
Original cataloging agency TXU
Language of cataloging eng
Description conventions rda
Transcribing agency TXU
Modifying agency DLC
-- IUP
-- EG-ScBUE
082 04 - DEWEY DECIMAL CLASSIFICATION NUMBER
Classification number 363.7392
Item number CHE
Edition number 22
100 1# - MAIN ENTRY--PERSONAL NAME
Personal name Cheremisinoff, Nicholas P.,
Relator term author.
245 10 - TITLE STATEMENT
Title Handbook of air pollution prevention and control /
Statement of responsibility, etc Nicholas P. Cheremisinoff, Ph.D., N&P limited.
250 ## - EDITION STATEMENT
Edition statement Reprinted edition.
264 #1 - PUBLICATION, DISTRIBUTION, ETC. (IMPRINT)
Place of publication, distribution, etc Woburn, MA :
Name of publisher, distributor, etc Butterworth-Heinemann,
Date of publication, distribution, etc 2004.
300 ## - PHYSICAL DESCRIPTION
Extent xi, 562 pages :
Other physical details illustrations ;
Dimensions 26 cm.
336 ## - CONTENT TYPE
Source rdacontent
Content type term text
Content type code txt
337 ## - MEDIA TYPE
Source rdamedia
Media type term unmediated
Media type code n
338 ## - CARRIER TYPE
Source rdacarrier
Carrier type term volume
Carrier type code nc
490 0# - SERIES STATEMENT
Series statement Environmental engineering
500 ## - GENERAL NOTE
General note Includes index.
500 ## - GENERAL NOTE
General note Includes glossary.
650 #7 - SUBJECT ADDED ENTRY--TOPICAL TERM
Topical term or geographic name as entry element Air quality management.
Source of heading or term BUEsh
650 #7 - SUBJECT ADDED ENTRY--TOPICAL TERM
Topical term or geographic name as entry element Air
General subdivision Pollution.
Source of heading or term BUEsh
650 #7 - SUBJECT ADDED ENTRY--TOPICAL TERM
Topical term or geographic name as entry element Factory and trade waste
General subdivision Environmental aspects.
Source of heading or term BUEsh
650 #7 - SUBJECT ADDED ENTRY--TOPICAL TERM
Topical term or geographic name as entry element Petroleum chemicals industry
General subdivision Environmental aspects.
Source of heading or term BUEsh
653 ## - INDEX TERM--UNCONTROLLED
Resource For college BAEPS, Business Administration
Arrived date list June2021
655 ## - INDEX TERM--GENRE/FORM
Form subdivision Reading book
9 (RLIN) 34232
942 ## - ADDED ENTRY ELEMENTS (KOHA)
Source of classification or shelving scheme Dewey Decimal Classification
Koha item type Book - Borrowing
Holdings
Withdrawn status Lost status Source of classification or shelving scheme Damaged status Not for loan Collection code Home library Current library Shelving location Date acquired Source of acquisition Total Checkouts Full call number Barcode Date last seen Price effective from Koha item type
    Dewey Decimal Classification     Donation-Gift Central Library Central Library First floor 21/06/2021 Donation   363.7392 CHE 000050359 15/07/2025 21/06/2021 Book - Borrowing